000 00340nam a2200157Ia 4500
003 0STCL
008 150530s9999 xx 000 0 und d
040 _aSTCL
_cSTCL
100 _aButler, B.C
245 _aChurch and infallibility
260 _c1960
546 _aEnglish
942 _2ddc
_cBK
999 _c5337
_d5337
005 20220125165411.0